| 000 | 02396nam2a2200337 4500 | ||
|---|---|---|---|
| 001 | RU\NLR\BIBL_A\010865549 | ||
| 005 | 20260406093009.0 | ||
| 010 |
_a978-5-9704-3554-0 _bч. 3 _92000 |
||
| 021 |
_aRU _b2015-72924 _94381 |
||
| 035 | _a(NLR Aleph) 010865549 | ||
| 090 |
_a10442674 _c10442674 |
||
| 100 | _a20151021d2016 |||y0rusy50 ca | ||
| 101 | 0 | _arus | |
| 102 | _aRU | ||
| 105 | _aa j 000zy | ||
| 200 | 1 |
_aОртодонтия _fЛ.С. Персин |
|
| 210 |
_d2016 _d[т. е. 2015] _aБ. м. |
||
| 215 |
_a237 с. _cил., цв. ил. |
||
| 300 | _aКн. фактически издана в 2015 году | ||
| 320 | _aБиблиогр. в подстроч. примеч. | ||
| 461 | 0 |
_1001RU\NLR\BIBL_A\010886916 _12001#$aСтоматология детского возраста$eучебник$eдля студентов учреждений высшего профессионального образования, обучающихся по специальности "Стоматология" по дисциплине "Стоматология детского возраста"$eв 3 ч.$fО.З. Топольницкий$vЧ. 3 _1700#1$aТопольницкий$bО.З.$gОрест Зиновьевич _910531278 _aТопольницкий, О.З. _cМосква _d2016 _fО.З. Топольницкий _nГЭОТАР-Медия _oучебник : для студентов учреждений высшего профессионального образования, обучающихся по специальности "Стоматология" по дисциплине "Стоматология детского возраста" : в 3 ч. _tСтоматология детского возраста _y9785970433959 _vЧ. 3 |
|
| 606 | 1 |
_aОртодонтия _jУчебники для высших учебных заведений _9960321 _3RU\NLR\AUTH\6639625 |
|
| 606 | 1 |
_aЗубочелюстные аномалии _jУчебники для высших учебных заведений _92245811 _3RU\NLR\AUTH\6601578372 |
|
| 686 | 1 | _aР733.668.5я73-1 | |
| 686 | 1 | _aР733.665.605.0я73-1 | |
| 686 | 1 | _aР11(2)442.866я73-1 | |
| 701 | 1 |
_8rus _7ca _aПерсин _bЛ. С. _f1948- _gЛеонид Семенович _3RU\NLR\AUTH\7764738 _947667 |
|
| 942 | _cBOOK | ||
| 980 | _aNB | ||